Leader xxxxxxxxxx
001 __ .b17239138
005 __ 19960826114325.0
008 __ chi
010 0_ |a957-32-2933-1|b第1冊 : 平裝|d新臺幣250元
010 0_ |a957-32-2934-X|b第2冊 : 平裝|d新臺幣250元
010 0_ |a957-32-2935-8|b第3冊 : 平裝|d新臺幣250元
010 0_ |a957-32-2936-6|b第4冊 : 平裝|d新臺幣250元
010 0_ |a957-32-2937-4|b第5冊 : 平裝|d新臺幣250元
020 __ |acw|b85008896
100 __ |a19960814d1996 y0chiy09 e
101 0_ |achi
102 __ |acw
105 __ |af z 000ay
200 1_ |a天龍八部(一)|dThe semi-gods and the semi-devils|e|zeng|f金庸著
205 __ |a三版
210 __ |a臺北市|c遠流|d1996[民85]
215 0_ |a1冊|c|d21公分
225 1_ |a金庸作品集|v21
260 1_ |a1996
300 __ |a
510 1_ |aThe semi-gods and the semi-devils|zen
681 __ |a857.9
700 _0 |a金庸.|b|4
702 __ |a|b|4
801 _0 |acw|bNCL|c19960814
801 _1 |acw|bNCL|c19960814
801 _2 |acw|bTUL|c19981111
856 __ |uhttp://www.ylib.com.tw/home.asp|zYLib遠流博識網|2http.
|